000 00678cam a2200241ua 4500
020 _a81-204-1095-5
_cRs.750.00
041 _aeng
_h
082 _a333.7
_bKER/NA
100 _aKerr, John M .
245 0 0 _aNatural resource economics: Theory and application in India /
_cJohn M Kerr.
_hTextual Documents
250 _a1 /
_b.
260 _aNew Delhi :
_bOxford & IBH Publishing company ,
_c1997.
300 _a636 ; .
365 _aRs.750.00
500 _a**Reference
504 _a
700 1 _aBentley, William R .
700 1 _aKatar, Singh .
700 1 _aMarothia, Dinesh K .
700 1 _aRamasamy, C .
942 _cBK
999 _c11118
_d11118